Sounds of the Russian Alphabet - Statistics

General Stats
  • This quiz has been taken 10 times
  • The average score is 22 of 33
Answer Stats
Letters Sounds % Correct
Д д d
100%
Э э e
100%
Ч ч ch
89%
Р р r
89%
Ю ю yu
89%
А а a
78%
Б б b
78%
К к k
78%
Л л l
78%
М м m
78%
О о o
78%
П п p
78%
Т т t
78%
В в v
78%
Я я ya
78%
И и ee
67%
Ф ф f
67%
Г г g
67%
Н н n
67%
С с s
67%
Ш ш sh
67%
Ц ц ts
67%
Ё ё yo
67%
З з z
67%
Ж ж zh
67%
Й й y
56%
Е е ye
56%
У у oo
44%
Х х kh
33%
Ы ы ih
22%
Щ щ shch
22%
Ъ hard sign
11%
Ь soft sign
11%
No matching quizzes found
Score Distribution
Percent of People with Each Score
Percentile by Number Answered
Your Score History
You have not taken this quiz